BIM handbook: a guide to building information modeling for owners, managers, designers, engineers, and contractors

I tiakina i:
Ngā taipitopito rārangi puna kōrero
Ngā kaituhi matua: Eastman, Chuck (Author), Teicholz, Paul (Author), Sacks, Rafael (Author), Liston, Kathleen (Author)
Hōputu: Pukapuka
Reo:Ingarihi
I whakaputaina: Hoboken John Wiley and Sons 2011
Putanga:2a. ed
Ngā marau:
Ngā Tūtohu: Tāpirihia he Tūtohu
Kāore He Tūtohu, Me noho koe te mea tuatahi ki te tūtohu i tēnei pūkete!

MARC

LEADER 00000cam a2200000 a 4500
001 UCC2744
003 CL-VaPUC
008 180316e20110000us |||||||||||||||||eng|d
020 |a 9780470541371 
082 0 4 |a 690.0284  |b EAS  |2 21 
100 0 |a Eastman, Chuck  |e author  |9 596767 
700 0 |a Teicholz, Paul  |e author  |9 596768 
700 0 |a Sacks, Rafael  |e author  |9 596769 
700 0 |a Liston, Kathleen  |e author  |9 596770 
245 1 0 |a BIM handbook: a guide to building information modeling for owners, managers, designers, engineers, and contractors 
250 |a 2a. ed 
300 |a 626 p 
942 |c BK 
945 |d 20180316 12:27:00  |a arojas 
260 |a Hoboken  |b John Wiley and Sons  |c 2011 
650 7 |a CONSTRUCCIONES  |2 CL-VaPUC  |9 262690 
650 0 |a Simulación por computador  |9 260988 
650 7 |a DISEÑO ASISTIDO POR COMPUTADOR  |2 CL-VaPUC  |9 596771 
650 0 |a Proceso de datos   |9 259776 
650 0 |a Ingeniería civil  |9 260076 
583 |a last modification  |c 20180316 12:27:00  |k Rodrigo Vera 
999 |c 370710  |d 370708 
952 |0 0  |1 0  |3 erd  |4 0  |6 690_028400000000000_EAS_2011  |7 0  |8 A  |9 487301  |a BIBING  |b BIBING  |i 5456746  |l 1  |o 690.0284 EAS 2011  |p 5456746  |r 2025-01-20  |s 2022-04-26  |w 2019-11-24  |y BK  |z Catalogado en:20180316  |k CIC 
952 |0 0  |1 0  |3 erd  |4 0  |6 690_028400000000000_EAS_2011  |7 0  |8 A  |9 487302  |a BIBING  |b BIBING  |i 5456754  |o 690.0284 EAS 2011  |p 5456754  |r 2025-01-20  |w 2019-11-24  |y BK  |z Catalogado en:20180316  |k CIC 
952 |0 0  |1 0  |3 erd  |4 0  |6 690_028400000000000_EAS_2011  |7 0  |8 A  |9 487303  |a BIBING  |b BIBING  |i 5456762  |o 690.0284 EAS 2011  |p 5456762  |r 2025-01-20  |w 2019-11-24  |y BK  |z Catalogado en:20180316  |k CIC 
952 |0 0  |1 0  |3 erd  |4 0  |6 690_028400000000000_EAS_2011  |7 0  |8 A  |9 487304  |a BIBING  |b BIBING  |i 5456770  |o 690.0284 EAS 2011  |p 5456770  |r 2025-01-20  |w 2019-11-24  |y BK  |z Catalogado en:20180316  |k CIC